000 00763nmc a2200289 a 4500
003 AR-BaBNM
005 20251128204347.0
008 215019s1993 ||||||||||||||000 | spa||
020 _a950-9732-12-5
040 _cAR-BaBNM
100 1 _aCabal, Graciela Beatriz
245 1 0 _aEl derecho a aprender
250 _a4ยช ed.
260 _aBuenos Aires
_bCoquena Grupo Editor
_c1993
300 _ap. irreg.
_bil.
490 0 _aEntender y participar
_vv. 13
521 _aPRIMARIO
650 4 _aEDUCACION CIVICA
650 4 _aDERECHOS HUMANOS
650 4 _aDERECHOS CIVILES Y POLITICOS
650 4 _aLEGISLACION ARGENTINA
650 4 _aLIBROS PARA NINOS
651 4 _aArgentina
700 1 _aKern, Sergio
_eilustrador
942 _cBK
998 _cHector
999 _c7151
_d7151